[Event "25. Open Internacional de Andorra"]
[Site "Andorra AND"]
[Date "2007.06.30"]
[Round "1.1"]
[White "Khenkin, Igor"]
[Black "Bove, Alessandro"]
[Result "1-0"]
[WhiteElo "2629"]
[BlackElo "2120"]
[PlyCount "55"]
[EventDate "2007.06.30"]
[EventType "swiss"]
[EventRounds "9"]
[EventCountry "AND"]
[Source "lmi"]
[SourceDate "2007.06.30"]

1. d4 c5 2. d5 Nf6 3. Nc3 d6 4. e4 a6 5. a4 g6 6. Be2 Bg7 7. Nf3 O-O 8. Nd2
Nbd7 9. a5 Ne8 10. Nc4 Rb8 11. O-O Nc7 12. Na4 Nf6 13. f3 Bd7 14. Nab6 Bb5 15.
Na3 Na8 16. Nbc4 Bxc4 17. Nxc4 Nd7 18. c3 Nc7 19. f4 Kh8 20. Bd3 Ne8 21. Bc2
Qc7 22. Qg4 Rd8 23. Rf3 Nef6 24. Qh4 Rfe8 25. Rh3 Nf8 26. f5 e6 27. Bg5 exd5
28. Bxf6 1-0

[Event "25. Open Internacional de Andorra"]
[Site "Andorra AND"]
[Date "2007.06.30"]
[Round "1.2"]
[White "Fontbona Miralles, Marc"]
[Black "Postny, Evgeny"]
[Result "0-1"]
[WhiteElo "2098"]
[BlackElo "2622"]
[PlyCount "54"]
[EventDate "2007.06.30"]
[EventType "swiss"]
[EventRounds "9"]
[EventCountry "AND"]
[Source "lmi"]
[SourceDate "2007.06.30"]

1. Nf3 g6 2. c4 Bg7 3. d4 c5 4. e4 d6 5. Nc3 Nc6 6. dxc5 Bxc3+ 7. bxc3 dxc5 8.
Qxd8+ Nxd8 9. Be3 Nf6 10. e5 Nd7 11. Bd3 b6 12. Be4 Bb7 13. Bxb7 Nxb7 14. e6
fxe6 15. Ng5 Nf8 16. Bf4 Na5 17. O-O-O h6 18. Nf3 Nxc4 19. Rhe1 g5 20. Re4 Na5
21. Be5 Rg8 22. c4 Rd8 23. h4 Rxd1+ 24. Kxd1 gxh4 25. Nxh4 Ng6 26. Bg3 Nxh4 27.
Bxh4 Kd7 0-1

[Event "25. Open Internacional de Andorra"]
[Site "Andorra AND"]
[Date "2007.06.30"]
[Round "1.3"]
[White "Baklan, Vladimir"]
[Black "Molinero Martin, Joan"]
[Result "1-0"]
[WhiteElo "2618"]
[BlackElo "2084"]
[PlyCount "53"]
[EventDate "2007.06.30"]
[EventType "swiss"]
[EventRounds "9"]
[EventCountry "AND"]
[Source "lmi"]
[SourceDate "2007.06.30"]

1. e4 e5 2. Nf3 Nc6 3. d4 d6 4. Bc4 Be7 5. dxe5 dxe5 6. Qe2 Nf6 7. c3 Bg4 8.
Nbd2 O-O 9. h3 Bd7 10. Nf1 Nh5 11. g3 Kh8 12. Ne3 Bd6 13. Nf5 Bxf5 14. exf5 e4
15. Ng5 Nxg3 16. fxg3 Bxg3+ 17. Kf1 Qf6 18. Kg2 Bh4 19. Nxe4 Qxf5 20. Qg4 Qxg4+
21. hxg4 Ne5 22. Bb3 Ng6 23. Ng5 Bxg5 24. Bxg5 f6 25. Be3 Rae8 26. Bd4 Re2+ 27.
Kf1 1-0

[Event "25. Open Internacional de Andorra"]
[Site "Andorra AND"]
[Date "2007.06.30"]
[Round "1.4"]
[White "Severri Arrese, Carlos"]
[Black "Spraggett, Kevin"]
[Result "0-1"]
[WhiteElo "2084"]
[BlackElo "2611"]
[PlyCount "34"]
[EventDate "2007.06.30"]
[EventType "swiss"]
[EventRounds "9"]
[EventCountry "AND"]
[Source "lmi"]
[SourceDate "2007.06.30"]

1. e4 c5 2. b3 e6 3. Bb2 a6 4. Nc3 b5 5. a4 b4 6. Nce2 Bb7 7. d3 d5 8. exd5
Qxd5 9. Nf3 Nc6 10. Qd2 Nf6 11. Qf4 Be7 12. O-O-O O-O 13. Qg3 Bd6 14. Qh4 Ne5
15. Kb1 Ng6 16. Qh3 Ne5 17. c4 bxc3 0-1

[Event "25. Open Internacional de Andorra"]
[Site "Andorra AND"]
[Date "2007.06.30"]
[Round "1.5"]
[White "Damljanovic, Branko"]
[Black "Blas Correa, Jordi"]
[Result "1-0"]
[WhiteElo "2585"]
[BlackElo "2054"]
[PlyCount "61"]
[EventDate "2007.06.30"]
[EventType "swiss"]
[EventRounds "9"]
[EventCountry "AND"]
[Source "lmi"]
[SourceDate "2007.06.30"]

1. Nf3 Nc6 2. d4 d5 3. c4 e5 4. cxd5 Qxd5 5. Nc3 Bb4 6. Bd2 Bxc3 7. Bxc3 e4 8.
Nd2 Bg4 9. h3 Bh5 10. Qb3 Qxb3 11. axb3 Nf6 12. e3 Ne7 13. Ra5 Bg6 14. Bc4 c6
15. Bb4 Ned5 16. Bd6 b6 17. Ra3 Kd7 18. Bh2 Nb4 19. O-O b5 20. Be2 Nfd5 21. Rc1
f5 22. Be5 Rhg8 23. g4 Ke6 24. Nf1 fxg4 25. Bxg4+ Ke7 26. Ng3 h6 27. Nh5 Bxh5
28. Bxh5 Nd3 29. Rxc6 Nxe5 30. dxe5 Nb4 31. Rc7+ 1-0

[Event "25. Open Internacional de Andorra"]
[Site "Andorra AND"]
[Date "2007.06.30"]
[Round "1.6"]
[White "Fernandez Lopez, Joan"]
[Black "Kogan, Artur"]
[Result "0-1"]
[WhiteElo "2051"]
[BlackElo "2566"]
[PlyCount "48"]
[EventDate "2007.06.30"]
[EventType "swiss"]
[EventRounds "9"]
[EventCountry "AND"]
[Source "lmi"]
[SourceDate "2007.06.30"]

1. e4 c5 2. Nf3 e6 3. b3 d6 4. d4 cxd4 5. Nxd4 Nf6 6. Nc3 Be7 7. Bd3 a6 8. O-O
b5 9. Bb2 Bb7 10. a3 Nbd7 11. Nf3 O-O 12. Re1 Rc8 13. e5 Bxf3 14. Qxf3 Nxe5 15.
Qh3 Nxd3 16. Qxd3 d5 17. Rad1 Qc7 18. Re2 Rfd8 19. Qf3 Qc6 20. Rdd2 Bxa3 21.
Nxd5 Rxd5 22. Rxd5 Nxd5 23. Bxa3 Nc3 24. Rd2 Qxf3 0-1

[Event "25. Open Internacional de Andorra"]
[Site "Andorra AND"]
[Date "2007.06.30"]
[Round "1.7"]
[White "Timoshenko, Georgy"]
[Black "Sola Plaza, Gregorio"]
[Result "1-0"]
[WhiteElo "2566"]
[BlackElo "2048"]
[PlyCount "101"]
[EventDate "2007.06.30"]
[EventType "swiss"]
[EventRounds "9"]
[EventCountry "AND"]
[Source "lmi"]
[SourceDate "2007.06.30"]

1. e4 e6 2. d4 d5 3. Nc3 Nc6 4. Nf3 Nf6 5. e5 Ne4 6. Bd3 Bb4 7. Bd2 Nxd2 8.
Qxd2 f6 9. a3 Bxc3 10. Qxc3 fxe5 11. dxe5 Qe7 12. O-O O-O 13. Rae1 Bd7 14. Qd2
h6 15. Qe3 Qf7 16. c3 Qf4 17. Qe2 Ne7 18. Nd2 Qh4 19. g3 Qh3 20. f4 Be8 21. c4
Bh5 22. Qe3 c6 23. c5 Bg4 24. Rf2 Qh5 25. Bf1 Bh3 26. Qf3 Qxf3 27. Nxf3 Bxf1
28. Kxf1 Rae8 29. Kg2 g6 30. h3 Kg7 31. Re3 Rf7 32. Rb3 Ng8 33. Nd4 Kh7 34. g4
Kh8 35. Kg3 Kh7 36. Rff3 Kh8 37. Rb4 Ree7 38. Ra4 a6 39. Rb4 Kh7 40. Rb6 Kh8
41. Rfb3 Kh7 42. R3b4 Kh8 43. Nb3 g5 44. Na5 gxf4+ 45. Kf3 Rd7 46. Rxb7 d4 47.
Rxd7 Rxd7 48. Nxc6 d3 49. Rd4 Kg7 50. b4 h5 51. Nd8 1-0

[Event "25. Open Internacional de Andorra"]
[Site "Andorra AND"]
[Date "2007.06.30"]
[Round "1.8"]
[White "Ferreira, Antonio Viriato"]
[Black "Lopez Martinez, Josep Manuel"]
[Result "0-1"]
[WhiteElo "1927"]
[BlackElo "2563"]
[PlyCount "48"]
[EventDate "2007.06.30"]
[EventType "swiss"]
[EventRounds "9"]
[EventCountry "AND"]
[Source "lmi"]
[SourceDate "2007.06.30"]

1. e4 c6 2. d4 d5 3. e5 Bf5 4. g4 Bd7 5. f4 c5 6. c3 Qb6 7. f5 e6 8. fxe6 Bxe6
9. h3 Ne7 10. Nf3 Nec6 11. Bd3 Nd7 12. Qb3 Qc7 13. Qc2 Be7 14. Na3 a6 15. Be3
O-O-O 16. Rc1 Kb8 17. Qf2 f6 18. c4 Nxd4 19. Nxd4 cxd4 20. Bxd4 fxe5 21. Ba7+
Ka8 22. O-O d4 23. Nb5 axb5 24. cxb5 Qa5 0-1

[Event "25. Open Internacional de Andorra"]
[Site "Andorra AND"]
[Date "2007.06.30"]
[Round "1.9"]
[White "Peralta, Fernando"]
[Black "Fuentes Arjona, Antonio"]
[Result "1-0"]
[WhiteElo "2563"]
[BlackElo "2046"]
[PlyCount "83"]
[EventDate "2007.06.30"]
[EventType "swiss"]
[EventRounds "9"]
[EventCountry "AND"]
[Source "lmi"]
[SourceDate "2007.06.30"]

1. d4 Nf6 2. c4 e5 3. dxe5 Ng4 4. Bf4 Nc6 5. Nf3 Bb4+ 6. Nbd2 Qe7 7. e3 Ngxe5
8. Nxe5 Nxe5 9. Be2 d6 10. O-O Bxd2 11. Qxd2 O-O 12. Qd5 Ng6 13. Bg3 Rb8 14.
Qa5 b6 15. Qxa7 Bb7 16. Qa3 f5 17. Rfe1 Nh4 18. Bf1 Qe4 19. f3 Qe7 20. b4 g5
21. c5 dxc5 22. bxc5 Bd5 23. Qd3 Rbd8 24. cxb6 cxb6 25. Qc3 Ng6 26. a4 Qc5 27.
Qxc5 bxc5 28. Rec1 c4 29. Bxc4 Bxc4 30. Rxc4 Rd2 31. a5 f4 32. exf4 gxf4 33.
Be1 Re2 34. Kf1 Rb2 35. a6 Ra8 36. a7 Rb7 37. Bf2 Rf7 38. Rb4 Ne5 39. Rb8+ Rf8
40. Rab1 Nc6 41. Rxa8 Rxa8 42. Rb6 1-0

[Event "25. Open Internacional de Andorra"]
[Site "Andorra AND"]
[Date "2007.06.30"]
[Round "1.10"]
[White "Gallego Bergada, Antoni"]
[Black "Strikovic, Aleksa"]
[Result "0-1"]
[WhiteElo "1949"]
[BlackElo "2563"]
[PlyCount "31"]
[EventDate "2007.06.30"]
[EventType "swiss"]
[EventRounds "9"]
[EventCountry "AND"]
[Source "lmi"]
[SourceDate "2007.06.30"]

1. e4 c5 2. Nf3 e6 3. c3 Nf6 4. e5 Nd5 5. d4 cxd4 6. Qxd4 Nc6 7. Qg4 Qc7 8. Qg3
Nde7 9. Bb5 Nf5 10. Qf4 f6 11. exf6 Qxf4 12. Bxf4 gxf6 13. Bd3 Nce7 14. Nbd2 d5
15. Bxf5 Nxf5 16. Nb3 0-1

[Event "25. Open Internacional de Andorra"]
[Site "Andorra AND"]
[Date "2007.06.30"]
[Round "1.11"]
[White "Flores, Diego"]
[Black "Lopez Heras, Arturo"]
[Result "1-0"]
[WhiteElo "2543"]
[BlackElo "1998"]
[PlyCount "35"]
[EventDate "2007.06.30"]
[EventType "swiss"]
[EventRounds "9"]
[EventCountry "AND"]
[Source "lmi"]
[SourceDate "2007.06.30"]

1. Nf3 c5 2. c4 b5 3. cxb5 a6 4. e4 g6 5. d4 Bg7 6. dxc5 axb5 7. Nc3 e6 8. Nxb5
Ne7 9. Nd6+ Kf8 10. Ng5 Qa5+ 11. Bd2 Qxc5 12. Ngxf7 Bxb2 13. Rb1 Rxa2 14. Bc4
Bd4 15. O-O Rxd2 16. Qxd2 Nbc6 17. Rb5 Qa3 18. Qf4 1-0

[Event "25. Open Internacional de Andorra"]
[Site "Andorra AND"]
[Date "2007.06.30"]
[Round "1.12"]
[White "Fascetti, Angelo"]
[Black "Rodshtein, Maxim"]
[Result "0-1"]
[WhiteElo "1989"]
[BlackElo "2530"]
[PlyCount "54"]
[EventDate "2007.06.30"]
[EventType "swiss"]
[EventRounds "9"]
[EventCountry "AND"]
[Source "lmi"]
[SourceDate "2007.06.30"]

1. e4 c5 2. Nf3 e6 3. c3 Nf6 4. e5 Nd5 5. d4 cxd4 6. cxd4 b6 7. Nc3 Bb7 8. a3
Nxc3 9. bxc3 Qc7 10. c4 d5 11. exd6 Bxd6 12. Bd3 Nd7 13. Bb2 O-O 14. d5 e5 15.
O-O f5 16. Be2 Nc5 17. Nd2 e4 18. h3 Rac8 19. Nb3 f4 20. Nd4 f3 21. gxf3 Rf6
22. fxe4 Rg6+ 23. Kh1 Qe7 24. Bg4 Qxe4+ 25. Qf3 Qe5 26. Qg3 Ne4 27. Qxe5 Bxe5
0-1

[Event "25. Open Internacional de Andorra"]
[Site "Andorra AND"]
[Date "2007.06.30"]
[Round "1.13"]
[White "Arizmendi Martinez, Julen Luis"]
[Black "Gutierrez Leon, Cristobal"]
[Result "1-0"]
[WhiteElo "2525"]
[BlackElo "1987"]
[PlyCount "47"]
[EventDate "2007.06.30"]
[EventType "swiss"]
[EventRounds "9"]
[EventCountry "AND"]
[Source "lmi"]
[SourceDate "2007.06.30"]

1. e4 e6 2. d4 b6 3. Bd3 Bb7 4. Qe2 Nf6 5. Nf3 Be7 6. O-O d5 7. e5 Ne4 8. Nbd2
Nxd2 9. Bxd2 O-O 10. h4 c5 11. c3 Nc6 12. Ng5 h6 13. Nh7 cxd4 14. cxd4 g6 15.
Nxf8 Bxf8 16. Qg4 h5 17. Qf4 Be7 18. g3 a6 19. Rad1 b5 20. Kh2 Qb6 21. Be3 Rc8
22. g4 hxg4 23. Rg1 g5 24. hxg5 1-0

[Event "25. Open Internacional de Andorra"]
[Site "Andorra AND"]
[Date "2007.06.30"]
[Round "1.15"]
[White "Kosten, Anthony C"]
[Black "Pellicer Castillo, Josep"]
[Result "1-0"]
[WhiteElo "2517"]
[BlackElo "1958"]
[PlyCount "53"]
[EventDate "2007.06.30"]
[EventType "swiss"]
[EventRounds "9"]
[EventCountry "AND"]
[Source "lmi"]
[SourceDate "2007.06.30"]

1. c4 Nf6 2. Nc3 e6 3. e4 Nc6 4. Nf3 d6 5. d4 Bd7 6. Be2 e5 7. O-O exd4 8. Nxd4
Nxd4 9. Qxd4 Be7 10. Be3 O-O 11. Rfd1 a6 12. h3 h6 13. Rac1 Re8 14. f4 Bc6 15.
Bf3 Bf8 16. Bf2 Nd7 17. b4 Qf6 18. b5 axb5 19. cxb5 Qxf4 20. bxc6 bxc6 21. e5
Qxd4 22. Bxd4 d5 23. Re1 Nc5 24. Nxd5 Ne6 25. Nxc7 Nxd4 26. Nxe8 Rxe8 27. Bxc6
1-0

[Event "25. Open Internacional de Andorra"]
[Site "Andorra AND"]
[Date "2007.06.30"]
[Round "1.16"]
[White "Subirats Ruiz, Sergi"]
[Black "Perez Candelario, Manuel"]
[Result "0-1"]
[WhiteElo "1950"]
[BlackElo "2511"]
[PlyCount "77"]
[EventDate "2007.06.30"]
[EventType "swiss"]
[EventRounds "9"]
[EventCountry "AND"]
[Source "lmi"]
[SourceDate "2007.06.30"]

1. e4 e5 2. Nf3 Nc6 3. Bc4 Nf6 4. d3 Bc5 5. c3 a6 6. b4 Ba7 7. O-O O-O 8. Re1
d6 9. Nbd2 Be6 10. Bb3 Re8 11. Nf1 h6 12. Be3 d5 13. exd5 Bxd5 14. Bxa7 Rxa7
15. N1d2 Bxb3 16. Nxb3 Ra8 17. Nc5 b6 18. Nxa6 Rxa6 19. b5 Ra3 20. bxc6 Rxc3
21. Nxe5 Qd4 22. Qe2 Rc5 23. Nf3 Qxa1 24. Qxe8+ Nxe8 25. Rxa1 Rxc6 26. Kf1 f6
27. a4 Rc5 28. d4 Ra5 29. Ke2 Kf7 30. Kd3 b5 31. Kc3 Nd6 32. Kb4 Rxa4+ 33. Rxa4
bxa4 34. Kxa4 Ke6 35. Ne1 Kd5 36. Nc2 Kc4 37. d5 Kxd5 38. Kb3 c5 39. Kc3 0-1

[Event "25. Open Internacional de Andorra"]
[Site "Andorra AND"]
[Date "2007.06.30"]
[Round "1.17"]
[White "Del Rio Angelis, Salvador Gabriel"]
[Black "Gallego Bergada, Antoni"]
[Result "1-0"]
[WhiteElo "2505"]
[BlackElo "1949"]
[PlyCount "105"]
[EventDate "2007.06.30"]
[EventType "swiss"]
[EventRounds "9"]
[EventCountry "AND"]
[Source "lmi"]
[SourceDate "2007.06.30"]

1. d4 e6 2. e4 b6 3. Nf3 Bb7 4. Bd3 Nf6 5. Nbd2 d5 6. e5 Nfd7 7. O-O c5 8. c3
Nc6 9. Re1 Be7 10. Nf1 Qc7 11. a3 Nf8 12. b4 c4 13. Bc2 Ng6 14. g3 O-O-O 15. a4
Kb8 16. h4 Bc8 17. h5 Nf8 18. Ng5 Bxg5 19. Bxg5 Re8 20. h6 g6 21. Qf3 Ka8 22.
Ne3 Nd8 23. b5 Bb7 24. Ng4 Kb8 25. Ra2 Bc8 26. Rea1 Nb7 27. Bf6 Rg8 28. Bg7 Nd7
29. Qxf7 Na5 30. Qf3 Re7 31. Kg2 Bb7 32. Bf6 Ree8 33. Bg5 Rgf8 34. Qe2 Nb3 35.
Rb1 Rf7 36. Bc1 Nxc1 37. Rxc1 Ref8 38. a5 Qd8 39. axb6 axb6 40. Bd1 Kc8 41. Qd2
Qe7 42. Rca1 Kc7 43. Ra7 Rb8 44. Qc1 Rbf8 45. Qa3 Qxa3 46. R7xa3 Kb8 47. Ra7
Rf5 48. Nh2 Nxe5 49. dxe5 d4+ 50. Kf1 d3 51. f4 Rxe5 52. Bf3 Rxb5 53. Ra8+ 1-0

[Event "25. Open Internacional de Andorra"]
[Site "Andorra AND"]
[Date "2007.06.30"]
[Round "1.18"]
[White "Malagueta Vinal, Ivan"]
[Black "Movsziszian, Karen"]
[Result "0-1"]
[WhiteElo "1948"]
[BlackElo "2497"]
[PlyCount "33"]
[EventDate "2007.06.30"]
[EventType "swiss"]
[EventRounds "9"]
[EventCountry "AND"]
[Source "lmi"]
[SourceDate "2007.06.30"]

1. e4 c5 2. Nf3 d6 3. d4 cxd4 4. Nxd4 Nf6 5. Nc3 a6 6. Be3 e6 7. f3 b5 8. g4 h6
9. Qd2 b4 10. Nce2 e5 11. Nb3 Nc6 12. Ng3 d5 13. exd5 Nxd5 14. Bf2 Be6 15. Ne4
Be7 16. h4 O-O 17. O-O-O 0-1

[Event "25. Open Internacional de Andorra"]
[Site "Andorra AND"]
[Date "2007.06.30"]
[Round "1.19"]
[White "Comas Fabrego, Luis"]
[Black "Arias Velasco, Jose"]
[Result "1-0"]
[WhiteElo "2487"]
[BlackElo "1931"]
[PlyCount "43"]
[EventDate "2007.06.30"]
[EventType "swiss"]
[EventRounds "9"]
[EventCountry "AND"]
[Source "lmi"]
[SourceDate "2007.06.30"]

1. d4 d5 2. c4 dxc4 3. Nf3 a6 4. e3 Bg4 5. Bxc4 e6 6. h3 Bh5 7. Nc3 Nf6 8. Qe2
Be7 9. O-O Nbd7 10. Rd1 O-O 11. e4 b5 12. Bb3 Qc8 13. Bg5 Bxf3 14. Qxf3 e5 15.
Bxf6 Bxf6 16. Nd5 Bd8 17. Rac1 Qb7 18. Nf4 exd4 19. Bd5 Qa7 20. Bxa8 Qxa8 21.
Nd5 Bf6 22. Qf5 1-0

[Event "25. Open Internacional de Andorra"]
[Site "Andorra AND"]
[Date "2007.06.30"]
[Round "1.20"]
[White "Galvez Riera, Francesc"]
[Black "Edouard, Romain"]
[Result "0-1"]
[WhiteElo "1921"]
[BlackElo "2447"]
[PlyCount "72"]
[EventDate "2007.06.30"]
[EventType "swiss"]
[EventRounds "9"]
[EventCountry "AND"]
[Source "lmi"]
[SourceDate "2007.06.30"]

1. e4 c5 2. d4 cxd4 3. c3 d3 4. Bxd3 Nc6 5. Nf3 d6 6. Be3 Nf6 7. h3 g6 8. O-O
Bg7 9. Nbd2 O-O 10. Nb3 a6 11. a4 d5 12. exd5 Nxd5 13. Qe2 Nxe3 14. Qxe3 Qc7
15. Nbd4 Nxd4 16. Nxd4 e6 17. Be4 Bd7 18. Rfd1 Rad8 19. Qf3 Bc8 20. Qe3 Rd6 21.
Rd2 Qd7 22. Bc2 e5 23. Nf3 Rxd2 24. Qxd2 Qc6 25. Re1 Re8 26. a5 h6 27. Qd1 Qc7
28. Ba4 Rd8 29. Qc2 Bf5 30. Qe2 Qxa5 31. Bc2 Bxc2 32. Qxc2 Rd7 33. Nd2 Qd5 34.
Ne4 f5 35. Ng3 e4 36. Ne2 Kh7 0-1

[Event "25. Open Internacional de Andorra"]
[Site "Andorra AND"]
[Date "2007.07.01"]
[Round "2.1"]
[White "Panelo Muñoz, Marcelo"]
[Black "Khenkin, Igor"]
[Result "1/2-1/2"]
[WhiteElo "2392"]
[BlackElo "2629"]
[PlyCount "83"]
[EventDate "2007.06.30"]
[EventType "swiss"]
[EventRounds "9"]
[EventCountry "AND"]
[Source "lmi"]
[SourceDate "2007.06.30"]

1. d4 Nf6 2. c4 e6 3. Nf3 c5 4. d5 b5 5. Bg5 exd5 6. cxd5 d6 7. e4 a6 8. a4 Be7
9. Bxf6 Bxf6 10. axb5 Bxb2 11. Ra2 Bf6 12. Nbd2 O-O 13. Bc4 Bb7 14. O-O Qb6 15.
Qb3 axb5 16. Rxa8 Bxa8 17. Bxb5 Bb7 18. Nc4 Qc7 19. Qa4 Na6 20. Bc6 Nb4 21.
Bxb7 Qxb7 22. h3 Qe7 23. Re1 Nd3 24. Re3 Nb2 25. Nxb2 Bxb2 26. Qc6 Rd8 27. g3
g6 28. Kg2 Bd4 29. Re1 g5 30. Nxd4 cxd4 31. Qb6 d3 32. Qd4 Re8 33. Qxd3 Qe5 34.
Re3 Kg7 35. Qd1 Qf6 36. Qg4 Qg6 37. h4 h6 38. Qd7 Re5 39. hxg5 hxg5 40. Qg4 Re8
41. Qd7 Re5 42. Qg4 1/2-1/2

[Event "25. Open Internacional de Andorra"]
[Site "Andorra AND"]
[Date "2007.07.01"]
[Round "2.2"]
[White "Postny, Evgeny"]
[Black "Vassallo Barroche, Mauricio"]
[Result "1-0"]
[WhiteElo "2622"]
[BlackElo "2392"]
[PlyCount "121"]
[EventDate "2007.06.30"]
[EventType "swiss"]
[EventRounds "9"]
[EventCountry "AND"]
[Source "lmi"]
[SourceDate "2007.06.30"]

1. d4 Nf6 2. c4 g6 3. Nc3 Bg7 4. e4 d6 5. f3 O-O 6. Be3 b6 7. Bd3 Nfd7 8. Nge2
c5 9. Bc2 Nc6 10. d5 Nb4 11. Bb1 Ne5 12. b3 e6 13. a3 Na6 14. O-O exd5 15. exd5
Re8 16. Qd2 Nc7 17. Ra2 b5 18. cxb5 a6 19. b6 Nb5 20. Na4 Nd7 21. b4 Nxb6 22.
Nxb6 Qxb6 23. Bf2 Bb7 24. Rc1 Rac8 25. Bd3 Qd8 26. Bc4 cxb4 27. axb4 h5 28. h3
Qe7 29. Qd3 Qg5 30. f4 Qf5 31. Qxf5 gxf5 32. Bd3 Rxc1+ 33. Nxc1 Nc3 34. Ra5
Nxd5 35. Bxa6 Bxa6 36. Rxd5 Rc8 37. Be3 Rc2 38. Rxd6 Bb7 39. Nd3 Rxg2+ 40. Kf1
Rg3 41. Bf2 Rxh3 42. b5 Be4 43. Nc5 Bf3 44. Rd8+ Kh7 45. b6 Bf6 46. Rd7 Kg6 47.
b7 Bxb7 48. Rxb7 Rf3 49. Nd7 Kg7 50. Nxf6 Kxf6 51. Rb6+ Kg7 52. Rb4 Rd3 53. Ke2
Ra3 54. Bd4+ Kh7 55. Rb7 Kg6 56. Rb6+ Kh7 57. Rf6 h4 58. Kf2 h3 59. Kg1 Rd3 60.
Be5 Rd2 61. Rxf5 1-0

[Event "25. Open Internacional de Andorra"]
[Site "Andorra AND"]
[Date "2007.07.01"]
[Round "2.3"]
[White "Berkovich, Mark A"]
[Black "Baklan, Vladimir"]
[Result "0-1"]
[WhiteElo "2387"]
[BlackElo "2618"]
[PlyCount "44"]
[EventDate "2007.06.30"]
[EventType "swiss"]
[EventRounds "9"]
[EventCountry "AND"]
[Source "lmi"]
[SourceDate "2007.06.30"]

1. Nf3 c5 2. g3 b6 3. Bg2 Bb7 4. O-O g6 5. c4 Bg7 6. Nc3 Nc6 7. e3 Nf6 8. d4
cxd4 9. exd4 O-O 10. Bf4 Na5 11. c5 Nd5 12. Nxd5 Bxd5 13. Re1 Re8 14. Be5 Bh6
15. g4 Nc6 16. Bg3 Bg7 17. Ne5 Bxg2 18. Kxg2 Nxe5 19. Bxe5 f6 20. Qb3+ Kh8 21.
Bg3 bxc5 22. dxc5 Qa5 0-1

[Event "25. Open Internacional de Andorra"]
[Site "Andorra AND"]
[Date "2007.07.01"]
[Round "2.4"]
[White "Spraggett, Kevin"]
[Black "Jakobsen, Ole"]
[Result "1-0"]
[WhiteElo "2611"]
[BlackElo "2379"]
[PlyCount "77"]
[EventDate "2007.06.30"]
[EventType "swiss"]
[EventRounds "9"]
[EventCountry "AND"]
[Source "lmi"]
[SourceDate "2007.06.30"]

1. e4 d6 2. d4 g6 3. Nc3 Bg7 4. f4 Nf6 5. Nf3 O-O 6. Be3 b6 7. Qd2 Bb7 8. e5
Ng4 9. O-O-O dxe5 10. Nxe5 Nxe3 11. Qxe3 Nd7 12. h4 Nxe5 13. dxe5 Qc8 14. h5
Qe6 15. hxg6 hxg6 16. Bd3 Rfd8 17. Qg3 Rd4 18. Rh3 Rad8 19. Rdh1 f5 20. Qg5 Kf7
21. Rh7 Rg8 22. Rg1 Be4 23. Bxe4 fxe4 24. g4 Kf8 25. Rh3 Rh8 26. Rxh8+ Bxh8 27.
Re1 Bg7 28. a3 Qc6 29. Kb1 a6 30. f5 Bxe5 31. fxg6 Qf6 32. Qh6+ Qg7 33. Rf1+
Kg8 34. Qg5 Rd6 35. Nd5 Rxd5 36. Rf7 Qh8 37. Qxe7 Qh1+ 38. Ka2 Qh6 39. Qe8+ 1-0

[Event "25. Open Internacional de Andorra"]
[Site "Andorra AND"]
[Date "2007.07.01"]
[Round "2.5"]
[White "Shumiakina, Tatiana"]
[Black "Damljanovic, Branko"]
[Result "0-1"]
[WhiteElo "2375"]
[BlackElo "2585"]
[PlyCount "82"]
[EventDate "2007.06.30"]
[EventType "swiss"]
[EventRounds "9"]
[EventCountry "AND"]
[Source "lmi"]
[SourceDate "2007.06.30"]

1. d4 d6 2. Nf3 Nf6 3. c4 g6 4. g3 Bg7 5. Bg2 O-O 6. O-O c6 7. Nc3 Qb6 8. b3 e5
9. dxe5 dxe5 10. e4 Re8 11. h3 Na6 12. Be3 Qb4 13. Qc2 Qe7 14. Rfd1 Nh5 15. Qd2
f5 16. exf5 gxf5 17. Bh6 e4 18. Nd4 Nc5 19. Qg5 Qxg5 20. Bxg5 Bxd4 21. Rxd4 Ne6
22. Be3 Nxd4 23. Bxd4 Be6 24. Be3 Bf7 25. g4 Ng7 26. gxf5 Nxf5 27. Nxe4 Nxe3
28. fxe3 Re7 29. Nd6 Rf8 30. e4 Be6 31. Re1 Rg7 32. Re3 Kh8 33. Kh2 Rf2 34. Rg3
b6 35. a4 Rb2 36. e5 c5 37. Rxg7 Kxg7 38. Nb5 Rxb3 39. Bd5 Bd7 40. Nxa7 Rxh3+
41. Kg2 Re3 0-1

[Event "25. Open Internacional de Andorra"]
[Site "Andorra AND"]
[Date "2007.07.01"]
[Round "2.6"]
[White "Kogan, Artur"]
[Black "Huerga Leache, Mikel"]
[Result "1-0"]
[WhiteElo "2566"]
[BlackElo "2344"]
[PlyCount "81"]
[EventDate "2007.06.30"]
[EventType "swiss"]
[EventRounds "9"]
[EventCountry "AND"]
[Source "lmi"]
[SourceDate "2007.06.30"]

1. e4 e6 2. d4 d5 3. Nc3 Bb4 4. e5 Ne7 5. a3 Bxc3+ 6. bxc3 b6 7. Qg4 Ng6 8.
Bb5+ c6 9. Bd3 Ba6 10. Nf3 c5 11. a4 Qc8 12. O-O Nd7 13. Ng5 Bxd3 14. cxd3 Ne7
15. Qh5 Ng6 16. Qf3 O-O 17. Qh5 h6 18. Nxe6 fxe6 19. Qxg6 Qe8 20. Qg4 Kh7 21.
a5 Qg6 22. Qxg6+ Kxg6 23. Be3 Rfb8 24. f4 cxd4 25. Bxd4 Nc5 26. Bxc5 bxc5 27.
Rab1 c4 28. Kf2 Rb3 29. Rxb3 cxb3 30. Rb1 Rb8 31. g4 h5 32. h3 Rb5 33. Kf3 h4
34. Rb2 Rxa5 35. Rxb3 Ra2 36. g5 Kf5 37. Rb8 Rd2 38. Rf8+ Kg6 39. f5+ exf5 40.
e6 d4 41. e7 1-0

[Event "25. Open Internacional de Andorra"]
[Site "Andorra AND"]
[Date "2007.07.01"]
[Round "2.7"]
[White "Iglesias, Jorge"]
[Black "Timoshenko, Georgy"]
[Result "1/2-1/2"]
[WhiteElo "2356"]
[BlackElo "2566"]
[PlyCount "83"]
[EventDate "2007.06.30"]
[EventType "swiss"]
[EventRounds "9"]
[EventCountry "AND"]
[Source "lmi"]
[SourceDate "2007.06.30"]

1. e4 c5 2. Nf3 Nc6 3. Bb5 d6 4. O-O Bd7 5. Re1 Nf6 6. h3 g6 7. c3 Ne5 8. Bf1
Nxf3+ 9. Qxf3 Qb6 10. Na3 Bg7 11. Nc4 Qc7 12. d4 cxd4 13. cxd4 O-O 14. Bf4 b5
15. Ne3 Qb7 16. d5 Rac8 17. e5 Ne8 18. Qg3 Qb6 19. Rad1 a6 20. h4 dxe5 21. Bxe5
Bxe5 22. Qxe5 Qf6 23. Qxf6 Nxf6 24. d6 e6 25. g4 Rfd8 26. g5 Ne8 27. Rd2 Kg7
28. Red1 h6 29. f4 hxg5 30. hxg5 f6 31. b4 Rc3 32. Kf2 fxg5 33. fxg5 Bc6 34.
Bh3 Bd5 35. Nxd5 exd5 36. Kg2 Rxd6 37. Re1 Rd8 38. Re7+ Kf8 39. Re6 Rc7 40.
Rxg6 d4 41. Bf5 Rd6 42. Rh6 1/2-1/2